101 Characters from the Walking Dead - Statistics

General Stats
  • This quiz has been taken 25 times
  • The average score is 46 of 100
Answer Stats
First season Death/last season Hint Character % Correct
1 3 Woman who dated Shane and the Governor Andrea Harrison
100%
1 1 Andrea's sister who died the day before her birthday and loved mermaids Amy
94%
1 8 Son of Rick and Lori Grimes Carl Grimes
94%
1 11 Crossbow-wielding tracker. Daryl Dixon
89%
1 11 Was in a relationship with Ed, then later Ezekiel Carol Peletier
78%
1 7 Maggie's husband who often does supply runs for the group Glenn Rhee
78%
1 3 Wife of Rick and has a daughter with Shane Lori Grimes
78%
2 5 Sister of Maggie and daughter of Hershel. Cared for Judith in the prison. Beth Greene
72%
2 4 Old man who lived on a farm and helped when Carl got shot Hershel Greene
72%
3 11 Younger sister of Carl who was born to Lori in the prison Judith Grimes
72%
2 11 Daughter of Hershel and wife of Glenn Maggie Greene
72%
2 10 Second wife of Rick, found Andrea after the farm Michonne
72%
1 2 Morale-keeper of the Atlanta survivors, body ripped open by a walker that Carl teased Dale Horvath
67%
1 1 Atlanta survivor who dug holes because of a dream he couldn't remember Jim
67%
1 8 Atlanta survivor who became a Saviour and re-encountered Rick many years later Morales
67%
1 8 The first person Rick met after the outbreak, who wanted to 'clear' after his son died Morgan Jones
67%
1 9 Former sheriff from King County, Georgia, and the protagonist Rick Grimes
67%
1 2 Daughter of Carol who came out of Hershel's barn as a walker Sophia Peletier
67%
1 1 Morgan's son Duane Jones
61%
5 11 Alexandrian who recruits strangers, has a metal left arm after logs crushed it Aaron
56%
4 7 Former sergeant from Texas who was in a relationship with Rosita Abraham Ford
56%
9 10 Leader of the Whisperers Alpha
56%
9 10 Second-in-command of the Whisperers Beta
56%
6 8 One of Negan's lieutenants who had an iron to the face. Defected to Rick's group. Dwight
56%
1 1 Scientist who caused the CDC explosion Edwin Jenner
56%
5 9 Girlfriend of Carl and doctor at Hilltop Enid
56%
1 1 Historian who died in the CDC Jacqui
56%
3 4 Former Woodbury citizen who was the girlfriend of Tyreese Karen
56%
4 4 Sister of Tara; was in a relationship with the Governor Lilly Chambler
56%
6 11 Killer of Glenn and Abraham and was imprisoned in Alexandria for 7 years Negan Smith
56%
1 2 Best friend of Rick. He took Lori and Carl to Atlanta when the outbreak happened. Shane Walsh
56%
6 8 Negan's lieutenant who he strangled in the Sanctuary Simon
56%
9 11 Kelly's deaf sister who got stuck in the cave with Magna Connie
50%
5 6 First leader of Alexandria, former Congresswoman Deanna Monroe
50%
7 11 King of the Kingdom, and husband of Carol Ezekiel
50%
7 11 Ezekiel's close friend who got stuck in a cave Jerry
50%
5 5 Boy from Grady Memorial Hospital who died in a revolving door Noah
50%
3 4 Leader of Woodbury Phillip Blake "The Governor"
50%
4 11 Had a baby with Siddiq who was raised by Gabriel Rosita Espinosa
50%
7 8 Ezekiel's tiger Shiva
50%
8 10 Doctor found by Carl who was strangled by Dante Siddiq
50%
5 7 Son of Deanna and Reginald Monroe who played snooker with Negan Spencer Monroe
50%
3 5 Brother of Sasha who was a former NFL player Tyreese Williams
50%
7 7 Older brother of Henry Benjamin
44%
4 5 Alcoholic from the prison who was in a relationship with Sasha Bob Stookey
44%
5 11 Priest with a blind right eye Gabriel Stokes
44%
7 9 Lydia's boyfriend and adopted son of Carol and Ezekiel Henry
44%
5 6 Love interest of Rick who lived in Alexandria - had an abusive husband Jessie Anderson
44%
9 11 Alpha's daughter Lydia
44%
3 3 Former friend of the Governor and scientist in Woodbury Milton Mamet
44%
5 6 Man who was with the above and Glenn in the revolving door; shot himself in the head Nicholas
44%
5 5 Jessie's abusive husband, who was a doctor. Shot by Rick after he killed Reginald Monroe. Pete Anderson
44%
5 6 Son of Jessie and Pete who Carol intimidated Sam Anderson
44%
3 7 Sniper for Alexandria who committed suicide while Negan's prisoner Sasha Williams
44%
8 11 Boyfriend of Enid who was killed by the Reapers Alden
39%
6 6 Tara's Alexandrian girlfriend who Dwight shot through the eye Denise
39%
4 11 Had a baby with Max in series 11 Eugene Porter
39%
8 11 Baby found by Rick after he killed her Saviour father Gracie
39%
9 11 Connie's sister with a gradual hearing loss Kelly
39%
4 4 Deranged girl who killed her sister and was shot by Carol Lizzie Samuels
39%
9 11 Yumiko's girlfriend Magna
39%
4 4 Daughter of Lilly Chambler and niece of Tara Meghan Chambler
39%
4 4 Sister of the Lizzie Mika Samuels
39%
7 11 Woman from the Kingdom who is the wife of Jerry Nabila
39%
5 5 Deanna's husband Reginald Monroe
39%
9 11 Michonne and Rick's son RJ Grimes
39%
6 Wife of Dwight, and one of Negan's wives Sherry
39%
4 9 Outgoing survivor who the Governor took to attack the prison; this led her to realise his true identity Tara Chambler
39%
9 9 Gage's friend who was decapitated by Alpha alongside Rodney Addy
33%
5 5 Brother of Spencer and son of Deanna Aiden Monroe
33%
7 9 Ex-saviour who killed Cindy's brother and Olivia, and cut Rosita's cheek Arat
33%
7 9 Girl who saved Tara's life on the beach Cindy
33%
5 8 Aaron's boyfriend Eric Raleigh
33%
7 9 Negan's female lieutenant who was set alight by Carol Regina
33%
9 9 Gage's friend who was decapitated by Alpha alongside Addy Rodney
33%
5 6 Son of Jessie and Pete who shot Carl's eye Ron Anderson
33%
5 9 Alexandrian who was shot by an infected arrow during the Whisperers' attack on Hilltop Tobin
33%
7 10 Oceanside woman who was stabbed in the foot by a Whisperer while trying to destroy the horde Beatrice
28%
4 4 Lilly and Tara's father David Chambler
28%
5 5 Shot Beth in the head after she stabbed her shoulder with scissors Dawn Lerner
28%
9 10 Husband of Tammy Rose who looked after the kids after the Hilltop fire Earl Sutton
28%
9 11 Maggie's son Hershel Rhee
28%
7 10 Ex-saviour who was killed by Beta in Alexandria's prison cell Laura
28%
9 10 Third-in-command of the Whisperers; appointed to Gamma after she killed her sister Mary
28%
11 11 Pamela's personal assistant, also known as Stephanie Maxxine Mercer
28%
11 11 Brother of the above Michael Mercer
28%
7 9 Ex-saviour who was decapitated by Alpha DJ
22%
7 8 Killer of Benjamin Jared
22%
10 11 Flamboyant Puerto-Rican woman who Eugene, Ezekiel and Yumiko encountered on their way to the Commonwealth Juanita "Princess" Sanchez
22%
11 11 Corrupt Commonwealth man shot in the neck by Carol Lance Hornsby
22%
1 1 Wife of Morales Miranda Morales
22%
9 9 The leader of the highwaymen Ozzy
22%
11 11 Governor of the Commonwealth Pamela Milton
22%
7 11 Leader of Oceanside after Natania Rachel
22%
11 11 Son of the above Sebastian Milton
22%
9 9 Elderly woman who adopted the baby abandoned by the Whisperers; Earl's wife Tammy Rose Sutton
22%
7 9 Leader of a rubbish dump community Anne "Jadis" Stokes
17%
9 11 Teenager who was left to die on an abandoned train Gage
17%
9 11 Musician who was in Magna's group Luke Abrams
17%
9 11 Former lawyer Yumiko Okumura
17%
No matching quizzes found
Score Distribution
Percent of People with Each Score
Percentile by Number Answered
Your Score History
You have not taken this quiz